01013cam a2200253 i 4500008004100000020003000041100002700071245008800098250001900186260005200205300006100257440003300318500002000351504004100371650008000412650006500492650004300557650004700600650004100647650004400688003000100732005001700733040000900750  a9781455753734 (paperbag )1 aSilvestri, Linda Anne.10aSaunders comprehensive review for the NCLEX-RN examination /cLinda Anne Silvestri. aSixth edition aSt Louis, Missouri :bElsevier/Saunders,c2015. axx, 1162 pages. :billustration. (some colour.) ;c28 cm1 aSaunders pyramid to success. aIncludes index. aIncludes bibliographical references. 0aNational Council Licensure Examination for Registered NursesvStudy guides. 0aNursesxLicenseszUnited StatesxExaminationsvStudy guides. 0aNursingvExaminations, questions, etc.12aNursing, PracticalvExamination Questions.22aNursing CarevExamination Questions.22aNursing ProcessvExamination Questions.20230123141139.0 cNUST